Přenositelné kompetence jako nástroj profesionalizace v zemědělském sektoru : změna struktury profese a edukace v terciárním prostředí /

Hlavní autor: Smékalová, Lucie, 1980-
Jazyk: Čeština
Vydáno: Praha : Česká zemědělská univerzita v Praze, 2023
Vydání: Pořadí vydání: druhé - upravené, rozšířené, s pozměněným názvem
Témata:
Fyzický popis: 170 stran ; 21 cm
Language note: České a anglická resumé
Knihy
Uloženo v:
LEADER 02214nam a2200601 i 4500
001 nkc20223476833
003 CZ PrNK
005 20230327110529.0
007 ta
008 230314s2023 xr f 001 0 cze
015 |a cnb003476833 
020 |a 978-80-213-3237-9  |q (brožováno) :  |c neprodejné 
035 |a (OCoLC)1375349941 
040 |a ABA001  |b cze  |e rda 
041 0 |a cze  |b cze  |b eng 
072 7 |a 378  |x Vysoké školy  |2 Konspekt  |9 22 
080 |a 331.546  |2 MRF 
080 |a 378-057.8  |2 MRF 
080 |a 378.6:63  |2 MRF 
080 |a 37.016  |2 MRF 
080 |a 331.53  |2 MRF 
080 |a 63  |2 MRF 
080 |a (048.8)  |2 MRF 
100 1 |a Smékalová, Lucie,  |d 1980-  |7 mzk2010613527  |4 aut 
245 1 0 |a Přenositelné kompetence jako nástroj profesionalizace v zemědělském sektoru :  |b změna struktury profese a edukace v terciárním prostředí /  |c Lucie Smékalová 
250 |a Pořadí vydání: druhé - upravené, rozšířené, s pozměněným názvem 
264 1 |a Praha :  |b Česká zemědělská univerzita v Praze,  |c 2023 
300 |a 170 stran ;  |c 21 cm 
336 |a text  |b txt  |2 rdacontent 
337 |a bez média  |b n  |2 rdamedia 
338 |a svazek  |b nc  |2 rdacarrier 
504 |a Obsahuje bibliografii, bibliografické odkazy a rejstřík 
546 |a České a anglická resumé 
650 0 7 |a profesní kompetence  |7 ph136580  |2 czenas 
650 0 7 |a absolventi vysokých škol  |7 ph118242  |2 czenas 
650 0 7 |a vysoké zemědělské školy  |7 ph135549  |2 czenas 
650 0 7 |a kurikulum  |7 ph115039  |2 czenas 
650 0 7 |a profesní uplatnění  |7 ph134653  |2 czenas 
650 0 7 |a zemědělství  |7 ph116770  |2 czenas 
650 0 9 |a vocational qualifications  |2 eczenas 
650 0 9 |a college graduates  |2 eczenas 
650 0 9 |a agricultural universities  |2 eczenas 
650 0 9 |a curriculum  |2 eczenas 
650 0 9 |a employment  |2 eczenas 
650 0 9 |a agriculture  |2 eczenas 
653 0 |a přenositelné kompetence 
655 7 |a monografie  |7 fd132842  |2 czenas 
655 9 |a monographs  |2 eczenas 
910 2 |a BOA001  |b 2-1505.366 
990 |a BK 
995 |a 01 
991 |b 202303  |c NOV 
996 6 |b 2610933788  |c 2-1505.366  |l MZK  |r Sklad / do 1 hodiny  |n 1  |p p.v.  |w 001918654  |u 000010  |a 1  |e BOA001  |j MZK50  |s P